Flaggen nach Buchstaben - K - Statistiken

Allgemein
  • Dieses Quiz wurde 71 mal gespielt
  • Das Durchschnittsergebnis liegt bei 16 aus 17
Antwortstatistiken
Bildquiz Hint Antwort % Korrekt
Kanada
98%
Kasachstan
97%
Kroatien
97%
Kambodscha
95%
Kamerun
95%
Kolumbien
95%
Katar
94%
Kenia
94%
Demokratische Republik Kongo
94%
Kuba
94%
Republik Kongo
92%
Kosovo
92%
Kirgisistan
89%
Kap Verde
88%
Kuwait
86%
Kiribati
83%
Komoren
77%
Keine übereinstimmenden Quizze gefunden
Verteilung der Resultate
Anzahl Personen mit jedem Resultat
Perzentil nach korrekt beantworteten Fragen
Ihre Resultats-Entwicklung
Sie haben dieses Quiz noch nicht gespielt